Φύλο, χώρος, εργασία : γυναίκες disk jockeys στην Ελλάδα : διπλωματική εργασία [μεταπτυχιακή διατριβή]

Αποθηκεύτηκε σε:
Λεπτομέρειες βιβλιογραφικής εγγραφής
Κύριος συγγραφέας: Ζεϊμπέκης, Αντώνης
Συγγραφή απο Οργανισμό/Αρχή: Πανεπιστήμιο Αιγαίου Σχολή Κοινωνικών Επιστημών Τμήμα Κοινωνικής Ανθρωπολογίας και Ιστορίας Πρόγραμμα Μεταπτυχιακών Σπουδών Γυναίκες και Φύλα: Ανθρωπολογικές και Ιστορικές Προσεγγίσεις
Άλλοι συγγραφείς: Γαλανή-Μουτάφη, Βασιλική (Εισηγητής διατριβής)
Μορφή: Thesis Βιβλίο
Γλώσσα:Greek
Δημοσίευση: 2012
Θέματα:
Διαθέσιμο Online:http://hdl.handle.net/11610/11746
Ετικέτες: Προσθήκη ετικέτας
Δεν υπάρχουν, Καταχωρήστε ετικέτα πρώτοι!

MARC

LEADER 00000cam a2200000 i 4500
001 1/34452
008 130814s2012 gre d
035 |l 10115277 
040 |a GR-MY-UA  |b gre  |e aacr 
041 0 |a gre 
082 0 |a 331.4  |2 (22) 
100 1 |a Ζεϊμπέκης, Αντώνης. 
245 1 0 |a Φύλο, χώρος, εργασία :  |b γυναίκες disk jockeys στην Ελλάδα : διπλωματική εργασία [μεταπτυχιακή διατριβή] /  |c Ζεϊμπέκης Αντώνης ; επιβλέπουσα: Γαλάνη-Μουτάφη Βασιλική 
260 |c 2012 
300 |a 75 σ.;  |c 30 εκ. 
502 |a Διατριβή (μεταπτυχιακή) – Πανεπιστήμιο Αιγαίου, Λέσβος, 2012. 
504 |a Βιβλιογραφία: σ. 73-75 
650 0 0 |a Sex discrimination against women  |z Greece. 
650 0 0 |a Sex discrimination in employment  |z Greece. 
650 0 0 |a Women  |x Social conditions  |z Greece. 
650 0 0 |a Women musicians. 
650 0 0 |a Dissertations, Academic  |z Greece. 
700 1 |4 ths  |a Γαλανή-Μουτάφη, Βασιλική. 
710 2 |a Πανεπιστήμιο Αιγαίου  |b Σχολή Κοινωνικών Επιστημών  |b Τμήμα Κοινωνικής Ανθρωπολογίας και Ιστορίας  |b Πρόγραμμα Μεταπτυχιακών Σπουδών Γυναίκες και Φύλα: Ανθρωπολογικές και Ιστορικές Προσεγγίσεις. 
852 |a INST  |b LESVOS  |c DIATR  |e 20130814  |h 181  |p 005100053176  |q 005100053176  |t MTXE  |y 23 
852 |a INST  |b LESVOS  |c DIATR  |e 20130814  |h 182  |p 005100053175  |q 005100053175  |t MTXE  |y 23 
856 |u http://hdl.handle.net/11610/11746 
901 |a BIBL1-2013-2 
909 |a Λ  |b 181897 
909 |a Λ  |b 181898 
924 |a ΖΕΙΜΠΕΚΗΣ  |b ΑΝΤΩΝΗΣ  |y ΛΕΣΒΟΣ  |z 2013-01 
970 |a ΤΖΑΦΕΡΗ  |b ΕΥΑΓΓΕΛΙΑ  |z 2013/08/19